[Event "Mitropa Cup Women"]
[Site "Szeged HUN"]
[Date "2007.05.15"]
[Round "8"]
[White "Papp,P"]
[Black "Winkelmann,E"]
[Result "1-0"]
[WhiteElo "1926"]
[BlackElo "2114"]

1.e4 d5 2.exd5 Qxd5 3.Nc3 Qd6 4.g3 Nf6 5.Bg2 c6 6.d3 Bg4 7.Nf3 e6 8.Bf4 Qd8
9.Qd2 Nbd7 10.Ne4 Bxf3 11.Bxf3 Nb6 12.Nc3 Nbd5 13.Nxd5 Nxd5 14.Be5 f6 15.Bc3 Bd6
16.Bh5+ g6 17.Bf3 Qe7 18.a3 O-O 19.O-O Rad8 20.Rab1 e5 21.Rfe1 Qf7 22.b4 Rfe8
23.Ba1 f5 24.c4 Nf6 25.Qc3 a6 26.Bg2 g5 27.d4 exd4 28.Rxe8+ Rxe8 29.Qd2 h6
30.Bxd4 Be5 31.Bxe5 Rxe5 32.f4 gxf4 33.Qxf4 Qe7 34.Rf1 Kg7 35.Bh3 Re4 36.Qxf5 Rxc4
37.Qf3 Re4 38.Qf5 Re2 39.Bg2 Re1 40.Qf2 Rxf1+ 41.Bxf1 Qe5 42.Qa7 Kg6 43.Qxb7 Qe3+
44.Kg2 Qe4+ 45.Kg1 Ng4 46.Qxa6 Qe3+ 47.Kh1 Ne5 48.Qe2 Qc3 49.a4 Kf6 50.b5 cxb5
51.Qxb5 Qf3+ 52.Bg2 Qd1+ 53.Qf1+ Qxf1+ 54.Bxf1 Nc6 55.Kg2 Ke5 56.Bb5 Nd4
57.Kf2 Ke4 58.Be8 Nb3 59.Bb5 Nd4 60.Kg2 Ke3 61.Bd7 Nb3 62.Kh3 Nc5 63.Bc6 Kf2
64.a5 h5 65.Be8 Kg1 66.Bxh5 Ne4 67.a6  1-0

[Event "16th TCh-CRO"]
[Site "Sibenik CRO"]
[Date "2007.05.17"]
[Round "1"]
[White "Solic,K"]
[Black "Sermek,D"]
[Result "0-1"]
[WhiteElo "2147"]
[BlackElo "2523"]

1.e4 d5 2.exd5 Qxd5 3.Nc3 Qd6 4.d4 Nf6 5.Bc4 a6 6.Bb3 Nc6 7.Nge2 Na5 8.Bf4 Qd7
9.O-O Nxb3 10.axb3 e6 11.Qd3 b6 12.Qf3 Rb8 13.Be5 Bb7 14.Qg3 Rc8 15.Nf4 b5
16.d5 Nxd5 17.Ncxd5 Bxd5 18.Nxd5 Qxd5 19.Rxa6 f6 20.Qg4 Kf7 21.Bg3 h5 22.Qe2 e5
23.c4 bxc4 24.bxc4 Qb7 25.c5 Qd5 26.b4 h4 27.Rd1 Qb3 28.Ra3 Qxa3 29.Qc4+ Ke7
30.Qd5 Qa4 31.c6 Qxd1+ 32.Qxd1 Rd8 33.Qc1 hxg3  0-1

[Event "16th TCh-CRO"]
[Site "Sibenik CRO"]
[Date "2007.05.18"]
[Round "2"]
[White "Prlac,V"]
[Black "Jukic,Zd"]
[Result "1/2-1/2"]
[WhiteElo "2118"]
[BlackElo "2315"]

1.e4 d5 2.exd5 Qxd5 3.Nc3 Qd6 4.Bc4 c6 5.Nge2 Nf6 6.d4 Bg4 7.f3 Bf5 8.Bb3 e6
9.Bf4 Qd8 10.Ng3 Bg6 11.Nce4 Nd5 12.Bd2 Nd7 13.Qe2 Be7 14.c4 N5f6 15.Bc3 Qc7
16.O-O O-O 17.Rad1 Rfe8 18.Rfe1 Rad8 19.Bc2 Nf8 20.Nxf6+ Bxf6 21.Ne4 Bxe4
22.Qxe4 Ng6 23.g3 Nf8 24.Kg2 g6 25.Qe3 Bg7 26.b3 c5 27.dxc5 Bxc3 28.Qxc3 Qxc5
29.b4 Qc7 30.f4 Rxd1 31.Bxd1 Rc8 32.Be2 Nd7 33.Rc1 Nb6 34.a3 Nd5 35.Qd4 b6
36.Bf3 Ne7 37.c5 Nf5 38.Qc3 Rd8 39.Rd1 Rxd1 40.Bxd1 h5 41.Bf3 bxc5 42.bxc5  1/2-1/2

[Event "ch-USA"]
[Site "Stillwater USA"]
[Date "2007.05.18"]
[Round "4"]
[White "Movsisyan,M"]
[Black "Braunlich,T"]
[Result "1-0"]
[WhiteElo "2280"]
[BlackElo "2199"]

1.e4 d5 2.exd5 Qxd5 3.Nc3 Qd6 4.d4 Nf6 5.Nf3 a6 6.Ne5 Nc6 7.Nxc6 Qxc6 8.d5 Qd6
9.Be2 e6 10.Bf3 exd5 11.Nxd5 Nxd5 12.Qxd5 Qxd5 13.Bxd5 Be7 14.Bf4 c6 15.Bf3 Bf6
16.O-O-O Be6 17.Rhe1 O-O 18.b3 Be7 19.Kb2 Rfd8 20.Bc7 Rdc8 21.Bb6 Bd8 22.Bc5 Bc7
23.c4 Rd8 24.Kc3 Rxd1 25.Rxd1 Rd8 26.Rxd8+ Bxd8 27.Bd6 Bb6 28.Kb4 g5 29.c5 Bd8
30.h3 Kg7 31.a4 Kg6 32.g4 a5+ 33.Ka3 Bf6 34.Be4+ Kg7 35.b4 axb4+ 36.Kxb4 h5
37.f3 h4 38.a5 Bd7 39.a6 bxa6 40.Ka5 Bc8 41.Kb6 a5 42.Bxc6 Bd8+ 43.Bc7 Be7
44.Bb5 f5 45.Bd6 Bd8+ 46.Ka7 fxg4 47.fxg4 Be6 48.Kb7 a4 49.Bxa4 Bc4 50.Kc8 Ba5
51.Kd7 Bf1 52.Ke6 Bxh3 53.Kf5 Bg2 54.Kxg5 h3 55.c6 Bd8+ 56.Kf5 Bb6 57.c7 Bb7
58.Bd7 Bg1 59.c8=Q Bxc8 60.Bxc8 h2 61.Bb7  1-0

[Event "16th TCh-CRO"]
[Site "Sibenik CRO"]
[Date "2007.05.19"]
[Round "3"]
[White "Kamenecki,S"]
[Black "Jukic,Zd"]
[Result "1/2-1/2"]
[WhiteElo "1934"]
[BlackElo "2315"]

1.e4 d5 2.exd5 Qxd5 3.Nc3 Qd6 4.Bc4 a6 5.Nge2 b5 6.Bb3 Bb7 7.O-O c5 8.d3 Nf6
9.Nf4 Nbd7 10.Re1 g5 11.Nh5 h6 12.Qe2 Qc6 13.Nxf6+ Nxf6 14.f3 e6 15.a4 Bg7
16.Ne4 Nd7 17.axb5 axb5 18.Rxa8+ Bxa8 19.c3 O-O 20.Ng3 Nf6 21.Be3 Rd8 22.Ne4 Nd7
23.Qf2 c4 24.dxc4 bxc4 25.Bc2 Ne5 26.Ra1 Qb5 27.Bd4 f5 28.Nc5 Bd5 29.Qe2 Qxb2
30.Ra7 Nxf3+ 31.gxf3 Bxd4+ 32.cxd4 Qxd4+ 33.Qf2 Qxf2+ 34.Kxf2 Rb8 35.Na4 h5
36.Ke3 f4+ 37.Kf2 g4 38.fxg4 hxg4 39.Bd1 f3 40.Bc2 Rd8 41.Nc5 Bc6 42.Bh7+ Kh8
43.Nxe6 Rd2+ 44.Kg3 f2 45.Nf8 Be8 46.Kg2 c3 47.Ng6+ Bxg6 48.Bxg6 c2 49.Bxc2  1/2-1/2

[Event "ch-USA"]
[Site "Stillwater USA"]
[Date "2007.05.20"]
[Round "6"]
[White "Aigner,M USA"]
[Black "Braunlich,T"]
[Result "0-1"]
[WhiteElo "2260"]
[BlackElo "2199"]

1.e4 d5 2.exd5 Qxd5 3.Nc3 Qd6 4.d4 Nf6 5.Bc4 a6 6.Nge2 b5 7.Bb3 Bb7 8.O-O c5
9.dxc5 Qc6 10.Nf4 e6 11.Re1 Be7 12.Qe2 O-O 13.Ncd5 exd5 14.Qxe7 Nbd7 15.Qd6 Qxc5
16.Qxc5 Nxc5 17.Be3 Rac8 18.Bxc5 Rxc5 19.Re7 Rb8 20.f3 Kf8 21.Rae1 Re8 22.Rxe8+ Nxe8
23.c3 Nd6 24.a4 bxa4 25.Nd3 Ra5 26.Ra1 a3 27.Rxa3 Rxa3 28.bxa3 Nb5 29.Nc5 Bc8
30.Bxd5 Nxc3 31.Bc4 Nb5 32.a4 Nc7 33.Kf2 Ke7 34.Ke3 f6 35.Kd4 Kd6 36.f4 Kc6
37.g3 Kb6 38.Nb3 Bd7 39.Nc5 Bc6 40.Bd3 h6 41.Bc2 Ka5 42.Kc4 Bd5+ 43.Kc3 Ne6
44.Nd7 Bc6 45.Nb8 Be8 46.Kc4 Nc7 47.Kc5 Bxa4 48.Bxa4 Kxa4 49.Kd6 Nb5+ 50.Ke6 Nd4+
51.Kf7 a5 52.Kxg7 Kb5 53.Nd7 a4 54.Nxf6 a3 55.Ne4 Kb4 56.g4 a2 57.f5 a1=Q
58.Kxh6 Qh1 59.Ng3 Qxh2+ 60.Nh5 Qh4 61.f6 Qxg4 62.Ng7 Kc5 63.Kh7 Qc8 64.f7 Qf8
65.Kg6 Kd6 66.Kf6 Qe7+ 67.Kg6 Qe4+ 68.Kf6 Qe5+ 69.Kg6 Ke7 70.Nh5 Qf5+ 71.Kh6 Qxf7
72.Ng7 Nf5+  0-1

[Event "EWS Cup"]
[Site "Jakarta INA"]
[Date "2007.05.22"]
[Round "10"]
[White "Zdebskaja,N"]
[Black "Lindiawati,E"]
[Result "1/2-1/2"]
[WhiteElo "2335"]
[BlackElo "2133"]

1.e4 d5 2.exd5 Qxd5 3.Nc3 Qd8 4.d4 Nf6 5.Bc4 Bf5 6.Nf3 e6 7.Qe2 Be7 8.h3 O-O
9.O-O Nc6 10.Rd1 Nb4 11.a3 Nbd5 12.Bd3 Nxc3 13.bxc3 Bxd3 14.Rxd3 Qd5 15.Re3 Bd6
16.c4 Qh5 17.Bb2 Bf4 18.Rb3 b6 19.Re1 a6 20.g3 Bd6 21.Kg2 Rfe8 22.Qd2 Rad8
23.Rd3 Nd7 24.Rde3 Qg6 25.Qe2 Rf8 26.d5 exd5 27.cxd5 Nc5 28.Nd4 h5 29.Nc6 Rc8
30.Ne7+ Bxe7 31.Rxe7 c6 32.Re5 cxd5 33.Qd2 Ne6 34.R1e2 Rc4 35.Kh2 Rfc8 36.c3 d4
37.cxd4 Rc2 38.Qd1 h4 39.d5 hxg3+ 40.fxg3 Ng5 41.Re8+ Rxe8 42.Qxc2  1/2-1/2

[Event "50th TCh-SRB Cup"]
[Site "Mataruska Banja SRB"]
[Date "2007.05.23"]
[Round "3"]
[White "Lazic,Dr"]
[Black "Petric,M"]
[Result "1-0"]
[WhiteElo "2311"]
[BlackElo "2105"]

1.e4 d5 2.exd5 Qxd5 3.Nc3 Qd6 4.d4 Nf6 5.Nf3 Bg4 6.h3 Bh5 7.g4 Bg6 8.Ne5 a6
9.Bg2 Nc6 10.Nxc6 bxc6 11.Qf3 O-O-O 12.Qe2 Kb7 13.O-O e6 14.Be3 Nd5 15.a3 Rb8
16.Na4 Qd7 17.c4 Nxe3 18.fxe3 e5 19.Rad1 e4 20.b4 h5 21.Nc5+ Bxc5 22.bxc5 Ka7
23.Rf4 Qe7 24.Qc2 hxg4 25.hxg4 Qh4 26.d5 Qg3 27.Qf2 Qh2+ 28.Kf1 Rb7 29.d6 cxd6
30.cxd6 Rhb8 31.Bxe4 Qh3+ 32.Bg2 Qh2 33.Bxc6 Bd3+ 34.Ke1 Qxf2+ 35.Kxf2 f6
36.Rd4 Rb2+ 37.Kg3 Be2 38.Re1 Rc2 39.Be4 Rcb2 40.d7 Rd8 41.c5 Bb5 42.c6 Kb6
43.Rc1 Kc7 44.a4 Be2 45.Kf4 a5 46.g5 Bh5 47.gxf6 gxf6 48.Rc5 Bf7 49.Rxa5 Rf2+
50.Kg3  1-0

[Event "50th TCh-SRB Cup"]
[Site "Mataruska Banja SRB"]
[Date "2007.05.23"]
[Round "3"]
[White "Adzic,M"]
[Black "Benkovic,P"]
[Result "0-1"]
[WhiteElo "2253"]
[BlackElo "2433"]

1.e4 d5 2.exd5 Qxd5 3.Nc3 Qd6 4.d4 Nf6 5.Be2 c6 6.Nf3 Bf5 7.O-O Nbd7 8.Bg5 e6
9.Bh4 Qc7 10.Bg3 Bd6 11.Re1 O-O 12.Nh4 Bg6 13.Bf3 Rfd8 14.Qe2 Bxg3 15.hxg3 Qb6
16.Nxg6 hxg6 17.Qc4 Qxb2 18.Rab1 Nb6 19.Rxb2 Nxc4 20.Rxb7 Rxd4 21.Rb4 Nd5
22.Ne2 Nxb4 23.Nxd4 Rc8 24.Be2 Nd6 25.a3 Nd5 26.c4 Nc3 27.Bf3 c5 28.Nc6 Rc7
29.Re5 Na4 30.Na5 Nb6 31.Be2 Nd7 32.Re3 Nf5 33.Rc3 Nd4 34.Kf1 Nf6 35.Bf3 g5
36.Ke1 g4 37.Bb7 Ne8 38.Be4 Nd6 39.Bc2 f5 40.Kd2 g5 41.Re3 Nc6 42.Rxe6 Nxa5
43.Kc3 Nab7  0-1

[Event "42nd Capablanca Mem Abierto"]
[Site "Havana CUB"]
[Date "2007.05.24"]
[Round "6"]
[White "Corrales Jimenez,Z"]
[Black "Hernandez Moya,Y"]
[Result "0-1"]
[WhiteElo "2185"]
[BlackElo "2115"]

1.e4 d5 2.exd5 Qxd5 3.Nc3 Qd6 4.d4 Nf6 5.Nf3 a6 6.g3 b5 7.Bg2 Bb7 8.O-O e6
9.Qe2 Be7 10.Be3 O-O 11.Nd2 Bxg2 12.Kxg2 Qc6+ 13.Qf3 Qxf3+ 14.Kxf3 Nbd7 15.Nb3 Nb6
16.Na5 Bb4 17.Nc6 Bxc3 18.bxc3 Nbd5 19.Bf4 Nxf4 20.gxf4 Nd5 21.Rg1 Nxc3 22.h4 f6
23.a3 Kf7 24.Rae1 Rfe8 25.Re3 Nd5 26.Rb3 Nb6 27.Ke2 Nc4 28.h5 Nd6 29.Na5 Nf5
30.Nc6 a5 31.Kd3 Ra6 32.Rc3 Nd6 33.Rb1 Rea8 34.d5 exd5 35.Kd4 Ne4 36.Rc5 Nxc5
37.Kxc5 b4 38.axb4 axb4 39.Nxb4 Rb6  0-1

[Event "42nd Capablanca Mem Abierto"]
[Site "Havana CUB"]
[Date "2007.05.24"]
[Round "6"]
[White "Blanco,H"]
[Black "Aguero,L"]
[Result "1/2-1/2"]
[WhiteElo "2405"]
[BlackElo "2263"]

1.e4 d5 2.exd5 Qxd5 3.Nc3 Qd6 4.d4 Nf6 5.Bg5 a6 6.Qd2 Bf5 7.Nf3 Nc6 8.Bf4 Qd8
9.a3 e6 10.O-O-O Be7 11.d5 exd5 12.Nxd5 Nxd5 13.Qxd5 Qxd5 14.Rxd5 Be4 15.Rd2 Rc8
16.Bd3 Bxd3 17.Rxd3 O-O 18.b4 Nd8 19.Rd7 Ne6 20.Rxe7  1/2-1/2

[Event "Spring Open"]
[Site "Uzhgorod UKR"]
[Date "2007.05.24"]
[Round "1"]
[White "Michalko,M"]
[Black "Boricsev,O"]
[Result "0-1"]
[WhiteElo "1766"]
[BlackElo "2280"]

1.e4 d5 2.exd5 Qxd5 3.Nc3 Qd6 4.Bc4 Nf6 5.d3 c6 6.Bb3 Bg4 7.Nge2 Nbd7 8.Be3 e6
9.Qd2 Nd5 10.Ne4 Qb4 11.N2c3 Be7 12.Bg5 f6 13.Bh4 Nc5 14.Nxc5 Bxc5 15.Ne4 Qxd2+
16.Nxd2 O-O-O 17.Bg3 Bb4 18.c3 Bd6 19.Bxd6 Rxd6 20.Bc2 Nf4 21.Nc4 Nxd3+ 22.Bxd3 Rxd3
23.Ne3 Bh5 24.Nc4 Rhd8 25.f3 e5 26.Kf2 Bf7 27.Ne3 Rd2+  0-1

[Event "XXII Felix Cup"]
[Site "Felix Spa ROM"]
[Date "2007.05.26"]
[Round "2"]
[White "Samu,S"]
[Black "Mateuta,G"]
[Result "0-1"]
[WhiteElo "2223"]
[BlackElo "2467"]

1.e4 d5 2.exd5 Qxd5 3.Nc3 Qd8 4.d4 Nf6 5.Bc4 a6 6.a4 Nc6 7.Be3 Bf5 8.Nf3 Nb4
9.Bb3 e6 10.O-O Be7 11.Ne5 O-O 12.g4 Bg6 13.h4 c5 14.Nxg6 hxg6 15.g5 Nfd5
16.Nxd5 Nxd5 17.Qg4 Rc8 18.Bxd5 Qxd5 19.c3 Qb3 20.Qe2 Rfd8 21.Rfd1 Rd5 22.Ra3 Qb6
23.c4 Rf5 24.d5 exd5 25.Rxd5 Rxd5 26.cxd5 Bd6 27.Rc3 Qd8 28.Qg4 b5 29.axb5 axb5
30.h5 gxh5 31.Qxh5 g6 32.Qg4 Rc7 33.Rc2 Qe7 34.Re2 Qe5 35.Qf3 Re7 36.Kf1 Qh8
37.Bc1 Rxe2 38.Kxe2 Qe5+ 39.Kd1 c4 40.Kc2 b4 41.b3 Qd4 42.bxc4 Qxc4+ 43.Kb1 b3
44.Qd1 Qa4 45.Qe2 Be5 46.Bb2 Qa2+ 47.Kc1 Bf4+  0-1

[Event "42nd Capablanca Mem Abierto"]
[Site "Havana CUB"]
[Date "2007.05.26"]
[Round "8"]
[White "Alvarez Pedraza,A"]
[Black "Perez Garcia,Rod"]
[Result "1-0"]
[WhiteElo "2449"]
[BlackElo "2421"]

1.e4 d5 2.exd5 Qxd5 3.Nc3 Qd6 4.d4 Nf6 5.Nf3 a6 6.g3 g6 7.Bg2 Bg7 8.O-O c5
9.Bf4 Qd8 10.dxc5 Qa5 11.Re1 O-O 12.Nd4 Qxc5 13.Nb3 Qb6 14.Rxe7 Nc6 15.Bc7 Qb4
16.Bd6 Qg4 17.Qxg4 Nxg4 18.Re2 Rd8 19.Bc7 Rf8 20.Rd1 Bxc3 21.bxc3 Be6 22.Nc5 Bc4
23.Re4  1-0

[Event "Okie Masters"]
[Site "Tulsa USA"]
[Date "2007.05.26"]
[Round "2"]
[White "Galant,S"]
[Black "Braunlich,T"]
[Result "1-0"]
[WhiteElo "2221"]
[BlackElo "2199"]

1.e4 d5 2.exd5 Qxd5 3.Nc3 Qd6 4.Nf3 Nf6 5.d4 a6 6.Bd3 Bg4 7.Be3 Nc6 8.O-O O-O-O
9.Ne4 Qd5 10.c4 Qh5 11.Ng3 Bxf3 12.Nxh5 Bxd1 13.Nxf6 Bf3 14.Nxh7 Nxd4 15.Ng5 Bh5
16.Be4 e5 17.g4 Bxg4 18.Nxf7 Rh5 19.Nxd8 Kxd8 20.Bxd4 exd4 21.f3 Bh3 22.Rf2 d3
23.Rd2 Bc5+ 24.Kh1 Rg5 25.Rxd3+ Ke7 26.f4 Bf5 27.Bxf5 Rxf5 28.Re1+  1-0

[Event "10th IHEM"]
[Site "Hamburg GER"]
[Date "2007.05.27"]
[Round "2"]
[White "Hebbinghaus,H"]
[Black "Fries Nielsen,JO"]
[Result "1/2-1/2"]
[WhiteElo "2316"]
[BlackElo "2374"]

1.e4 d5 2.exd5 Qxd5 3.Nc3 Qd6 4.d4 Nf6 5.Nf3 e6 6.g3 Be7 7.Bg2 O-O 8.O-O Rd8
9.Qe2 Qa6 10.Bf4 Qxe2 11.Nxe2 Nd5  1/2-1/2

[Event "Okie Masters"]
[Site "Tulsa USA"]
[Date "2007.05.28"]
[Round "6"]
[White "Movsisyan,M"]
[Black "Braunlich,T"]
[Result "1-0"]
[WhiteElo "2280"]
[BlackElo "2199"]

1.e4 d5 2.exd5 Qxd5 3.Nc3 Qd6 4.d4 Nf6 5.Nf3 a6 6.Ne5 Nc6 7.Bf4 Nxd4 8.Bc4 Be6
9.Bxe6 Nxe6 10.Qf3 Nxf4 11.Qxf4 g5 12.Qf5 Qb4 13.Rd1 Bh6 14.Nd7 Nxd7 15.Qxd7+ Kf8
16.O-O c6 17.Rfe1 Kg7 18.Rxe7 Rhd8 19.Rxf7+ Kg8 20.Qe6 Rxd1+ 21.Nxd1 Kh8
22.c3 Qa4 23.Ne3  1-0

[Event "Doroshkevich Mem"]
[Site "Belorechensk RUS"]
[Date "2007.05.29"]
[Round "1"]
[White "Kryakvin,D"]
[Black "Petrov,Ar"]
[Result "1-0"]
[WhiteElo "2539"]
[BlackElo "2192"]

1.e4 d5 2.exd5 Qxd5 3.Nc3 Qd6 4.d4 Nf6 5.Be3 c6 6.Qd2 Bg4 7.f3 Bf5 8.Nge2 Nbd7
9.O-O-O e6 10.g4 Bg6 11.h4 h5 12.Nf4 Bh7 13.g5 Nd5 14.Ncxd5 cxd5 15.g6 Bg8
16.Bh3 Nb6 17.Rhe1 Nc4 18.Qc3 Be7 19.gxf7+ Bxf7 20.Bxe6 Bxh4 21.Bxd5 Bxd5
22.Nxd5 Qxd5 23.Bf2+ Be7 24.Qb4 Qg5+ 25.Kb1 b5 26.Rxe7+ Qxe7 27.Re1  1-0

[Event "TCh-FRA Top 16"]
[Site "Clichy FRA"]
[Date "2007.06.01"]
[Round "9"]
[White "Chabanon,JL"]
[Black "Fontaine,R"]
[Result "1/2-1/2"]
[WhiteElo "2426"]
[BlackElo "2567"]

1.e4 d5 2.exd5 Qxd5 3.Nc3 Qd6 4.d4 Nf6 5.Nf3 c6 6.Ne5 Nbd7 7.Nc4 Qc7 8.Qf3 Nb6
9.Bf4 Qd8 10.Qd3 Nxc4 11.Qxc4 Be6 12.Qb4 Qd7 13.O-O-O Bd5 14.Qa5 e6 15.Be5 Be7
16.Nxd5 Qxd5 17.Qxd5 cxd5 18.Bb5+ Kf8 19.Bd3 Rc8 20.Kb1 Nd7 21.Bf4 g5 22.Bc1 Bf6
23.c3 a6 24.g3 Be7 25.Rde1 h6 26.f4 gxf4 27.gxf4 Bh4 28.Re2 Ke7 29.f5 Rcg8
30.fxe6 fxe6 31.Bd2 Bg5 32.Be1 Bf4 33.Bh4+ Kd6 34.Rf1 Rg4 35.Be1 e5 36.Bf5 Rg5
37.dxe5+ Bxe5 38.c4 b6 39.Bxd7 Kxd7 40.h4 Rh5 41.cxd5 Rh7 42.Rf3 Bd6 43.Rd3 Rf7
44.Re4 Rff5 45.Bd2 Be7 46.Be3 b5 47.Re6 Rf6 48.Rxf6 Bxf6 49.Ra3 Bxh4 50.Rxa6 Rxd5
51.Rxh6 Be7 52.Kc2 Bd6 53.Rh4 Kc6 54.Bd2 Rf5 55.a4 bxa4 56.Rxa4 Bc5 57.Rh4 Rf2
58.Kd3 Kb5 59.Rh5 Rf3+ 60.Kc2 Kc6 61.b4 Bd4 62.b5+ Kb6 63.Bb4 Bf6 64.Rd5 Rf2+
65.Kd3 Rf3+ 66.Ke4 Rb3 67.Bc5+ Kxb5 68.Be7+ Kc4 69.Bxf6 Re3+ 70.Kxe3 Kxd5  1/2-1/2

[Event "TCh-FRA Top 16"]
[Site "Clichy FRA"]
[Date "2007.06.02"]
[Round "10"]
[White "Kotronias,V"]
[Black "Marcelin,C"]
[Result "1-0"]
[WhiteElo "2570"]
[BlackElo "2493"]

1.e4 d5 2.exd5 Qxd5 3.Nc3 Qd6 4.d4 Nf6 5.Nf3 c6 6.Ne5 Nbd7 7.Nc4 Qc7 8.Qf3 Nb6
9.Bf4 Qd8 10.Be5 Bg4 11.Qg3 h5 12.h3 h4 13.Qf4 Be6 14.Ne3 Nbd5 15.Nexd5 Nxd5
16.Qd2 Qa5 17.Bd3 Nb4 18.O-O Nxd3 19.Qxd3 f6 20.Rfe1 O-O-O 21.Bc7 Qxc7 22.Rxe6 Qd7
23.Rae1 Rh5 24.R1e4 g6 25.Qf3 Rh7 26.Na4 f5 27.Nc5 Qd5 28.Qa3 Kb8 29.Qb4 b5
30.Qa5 Rc8 31.Na6+ Kb7 32.Nb4  1-0

[Event "zt 2.3 w"]
[Site "Santo Domingo DOM"]
[Date "2007.06.03"]
[Round "7"]
[White "Estrada Gaspar,N"]
[Black "Zepeda,L"]
[Result "0-1"]
[WhiteElo "2079"]
[BlackElo "2167"]

1.e4 d5 2.exd5 Qxd5 3.Nc3 Qd8 4.d4 g6 5.Bc4 Bg7 6.Nf3 Nh6 7.Bf4 c6 8.Qd2 Nf5
9.O-O-O Nd7 10.g4 Nd6 11.Bxd6 exd6 12.Rde1+ Kf8 13.Bxf7 Kxf7 14.Ng5+ Kg8
15.Ne6 Qh4 16.g5 d5 17.Nxg7 Kxg7 18.Re7+ Kg8 19.Re8+ Nf8 20.Qe3 h6 21.Rg1 Rh7
22.Rg3 Rf7 23.gxh6 Kh7 24.Ne2 b6 25.f4 Bb7 26.Re5 Ba6 27.f5 Bxe2 28.Qxe2 Qf4+
29.Kb1 Rxf5 30.Rxf5 Qxf5 31.Rf3 Re8 32.Qxe8 Qxf3 33.Qe7+ Kxh6 34.b3 Qd1+
35.Kb2 Qxd4+ 36.Kb1 Nh7 37.h4 a5 38.Qe2 Nf6 39.Qe6 Ne4 40.Qc8 Nc3+ 41.Kb2 Ne2+
42.Kb1 Qd1+ 43.Kb2 Qc1+  0-1

[Event "29th Mem Nezhmetdinov"]
[Site "Kazan RUS"]
[Date "2007.06.04"]
[Round "4"]
[White "Hamidullin,A"]
[Black "Zablotsky,S"]
[Result "1/2-1/2"]
[WhiteElo "2267"]
[BlackElo "2500"]

1.e4 d5 2.exd5 Qxd5 3.Nc3 Qd6 4.d4 Nf6 5.Nf3 c6 6.g3 Bg4 7.Bg2 e6 8.O-O Be7
9.Bf4 Qd8 10.h3 Bxf3 11.Qxf3 O-O 12.Rad1 Nbd7 13.Ne4 Nxe4 14.Qxe4 a5 15.c4 Re8
16.Qc2 Bf8 17.Qb3 Qc8 18.d5 cxd5 19.cxd5 e5 20.Be3 Bd6 21.Rc1 Qb8 22.Qb5 Nf8
23.Bb6 e4 24.Qc4 f5 25.Bc7 Qxc7 26.Qxc7 Bxc7 27.Rxc7 Rad8 28.Rxb7 Rxd5 29.Rc1 Ne6
30.Bf1 Kf8 31.Bc4 Rc5 32.Rc3 Ng5 33.Kg2 Rec8 34.b3 R8c7 35.Rxc7 Rxc7 36.Rc1 Ke7
37.Rd1 Rc5 38.Rd5 Rxd5 39.Bxd5 Nf3 40.Kf1 Nd4 41.Bg8 h6 42.h4 Kd6 43.Ke1 g5
44.hxg5 hxg5 45.Kd2 Kc5 46.a3 Nb5 47.a4 Nd4 48.Kc3 Nc6 49.Bh7 Ne7 50.g4 Nd5+
51.Kd2 e3+ 52.fxe3 fxg4 53.Ke2 g3 54.Kf3 g2 55.Kxg2 Nxe3+ 56.Kf3 Nd5 57.Bg8 Nf6
58.Bf7 Kb4 59.Be6  1/2-1/2

[Event "ch-URU"]
[Site "Montevideo URU"]
[Date "2007.06.04"]
[Round "5"]
[White "Larrea,M"]
[Black "Muniz,R"]
[Result "1-0"]
[WhiteElo "2317"]
[BlackElo "2198"]

1.e4 d5 2.exd5 Qxd5 3.Nc3 Qd6 4.d4 Nf6 5.Nf3 c6 6.Ne5 Nbd7 7.Bf4 Nd5 8.Qf3 Nxf4
9.Qxf4 Nxe5 10.dxe5 Qc5 11.Bc4 e6 12.O-O-O b5 13.Bb3 Be7 14.Ne4 Qb6 15.Rd3 a5
16.c3 a4 17.Bc2 b4 18.cxb4 Qxb4 19.a3 Qb6 20.Rhd1 Ba6 21.Rd7 Rf8 22.Nd6+ Bxd6
23.R1xd6 h6 24.Bxa4 Qc5+ 25.Kb1 Bb5 26.Bxb5 cxb5 27.Qd4 Qxd4 28.Rxd4 g5 29.Rb7 f6
30.exf6 Rxf6 31.f3 h5 32.Rxb5 Rg6 33.Rb7 g4 34.Rh7 e5 35.Rd5  1-0

[Event "TCh-BIH"]
[Site "Vogosca BIH"]
[Date "2007.06.06"]
[Round "5"]
[White "Brkic,A"]
[Black "Sedlak,N"]
[Result "1/2-1/2"]
[WhiteElo "2567"]
[BlackElo "2575"]

1.e4 d5 2.exd5 Qxd5 3.Nc3 Qd6 4.d4 Nf6 5.Nf3 c6 6.Be2 Bf5 7.O-O e6 8.Bg5 Nbd7
9.a3 Qc7 10.Bh4 Bd6  1/2-1/2

[Event "TCh-BIH"]
[Site "Vogosca BIH"]
[Date "2007.06.07"]
[Round "6"]
[White "Kovacevic,A"]
[Black "Milanovic,Da"]
[Result "1-0"]
[WhiteElo "2555"]
[BlackElo "2493"]

1.e4 d5 2.exd5 Qxd5 3.Nc3 Qd6 4.d4 Nf6 5.Nf3 c6 6.g3 Bg4 7.Bg2 e6 8.O-O Qc7
9.h3 Bxf3 10.Qxf3 Nbd7 11.Re1 Be7 12.Bf4 Qb6 13.Qd3 O-O 14.a3 Rfd8 15.b4 Nf8
16.Be3 Nd5 17.Nxd5 cxd5 18.c4 dxc4 19.Qxc4 Rac8 20.Qe2 Qc7 21.Rac1 Qb8 22.Qb5 b6
23.d5 e5 24.Rc6 Bd6 25.h4 Ng6 26.Bh3 Rc7 27.Rxc7 Bxc7 28.Bg5 f6 29.Be6+ Kh8
30.Be3 Ne7 31.Rc1 h6 32.Qc4 Bd6 33.Qg4 Rf8 34.Qh5 Qe8 35.Qxe8 Rxe8 36.h5 Kh7
37.Rc4 Rd8 38.Rc1 g6 39.g4 Kg7 40.Kg2 f5 41.hxg6 fxg4 42.Rh1 Rh8 43.Bxg4 Nxd5
44.Bc1 Ne7 45.Kf3 Nxg6 46.Ke4 Be7 47.Bf5 Kf7 48.Rxh6 Rxh6 49.Bxh6 Bf6 50.Bxg6+ Kxg6
51.Be3 Kf7 52.Kd5 Ke7 53.Kc6 Kd8 54.Kb7 b5 55.Ka6  1-0

[Event "XV Lasker Mem Open A"]
[Site "Barlinek POL"]
[Date "2007.06.08"]
[Round "8"]
[White "Bulski,K"]
[Black "Koziak,V"]
[Result "1/2-1/2"]
[WhiteElo "2396"]
[BlackElo "2461"]

1.e4 d5 2.exd5 Qxd5 3.Nc3 Qd6 4.d4 Nf6 5.Nf3 a6 6.Bg5 Bg4 7.h3 Bh5 8.Qe2 h6
9.Bxf6 gxf6 10.g4 Bg6 11.Bg2 Nc6 12.a3 O-O-O 13.d5 Ne5 14.Nh4 f5 15.Nxf5 Bxf5
16.gxf5 Rg8 17.Be4 Bg7 18.O-O-O Nd7 19.Qe3 Nb6 20.Qd3 Qc5 21.Bf3 Qxf2 22.Ne4 Qh4
23.Qb3 Kb8 24.Kb1 Qf4 25.Rhe1 Be5 26.Bh1 Qxf5 27.Ka2 Qd7 28.Nc5 Qd6 29.Ne4 Qd7
30.Nc5 Qd6 31.Ne4 Qd7 32.Nc5 Qd6  1/2-1/2

[Event "7th ch-Euro Senior"]
[Site "Hockenheim GER"]
[Date "2007.06.08"]
[Round "7"]
[White "Erenska Barlo,H"]
[Black "Rahn,O"]
[Result "1-0"]
[WhiteElo "2246"]
[BlackElo "2122"]

1.e4 d5 2.exd5 Qxd5 3.Nc3 Qd6 4.d4 Nf6 5.Nf3 Bg4 6.Be2 c6 7.h3 Bxf3 8.Bxf3 e6
9.O-O Nbd7 10.Ne2 Qc7 11.c4 Be7 12.Nc3 O-O 13.Qe2 Rfe8 14.Re1 Rad8 15.Be3 Bb4
16.Qc2 e5 17.a3 exd4 18.Bxd4 Bc5 19.Rxe8+ Rxe8 20.Bxc5 Nxc5 21.Rd1 Ne6 22.g3 Rd8
23.Ne2 Rxd1+ 24.Qxd1 Qd7 25.Qxd7 Nxd7 26.Bg4 Ne5 27.Bxe6 fxe6 28.b3 c5 29.Kg2 Kf7
30.f4 Nc6 31.Kf3 e5 32.fxe5 Nxe5+ 33.Ke4 Ke6 34.Nf4+ Kd6 35.Nh5 g6 36.Nf6 Ke6
37.Nxh7 Nc6 38.Ng5+ Kf6 39.Nf3 Na5 40.Nd2 Ke6 41.h4 Nc6 42.g4 Ne5 43.Kf4 b6
44.h5 Nxg4 45.hxg6 Nf6 46.Kg5 Ng8 47.Nf3 Ne7 48.Nh4 a6 49.a4 a5 50.Ng2 Nxg6
51.Kxg6 Ke5 52.Kg5 Kd4 53.Nf4  1-0

[Event "8th UKR Universiad"]
[Site "Evpatoria UKR"]
[Date "2007.06.09"]
[Round "6"]
[White "Tarlev,K"]
[Black "Smirnov,I UKR"]
[Result "1/2-1/2"]
[WhiteElo "2468"]
[BlackElo "2433"]

1.e4 d5 2.exd5 Qxd5 3.Nc3 Qd6 4.d4 Nf6 5.Nf3 c6 6.Ne5 Nbd7 7.Bf4 Nd5 8.Nxd5 Qxd5
9.Nc4 Qe4+ 10.Be3 Nb6 11.Qd2 Nxc4 12.Bxc4 Qxg2 13.O-O-O e6 14.Bf4 Bd7 15.Qe3 Qg4
16.Rhg1 Qf5 17.Kb1 Be7 18.Rxg7 Bf6 19.Rg3 O-O-O 20.Rf3 Qa5 21.Bh6 Qh5 22.Be2 Qg6
23.Rg3 Qf5 24.Bg4 Qd5 25.Qf4 Be7 26.Qxf7 Bd6 27.Rc3 Bxh2 28.f4 Rhg8  1/2-1/2

[Event "7th ch-Euro Senior"]
[Site "Hockenheim GER"]
[Date "2007.06.09"]
[Round "8"]
[White "Schuller,E"]
[Black "Kuhn,Ar"]
[Result "1/2-1/2"]
[WhiteElo "1791"]
[BlackElo "1863"]

1.e4 d5 2.exd5 Qxd5 3.Nc3 Qd6 4.Nf3 c6 5.h3 Nf6 6.Be2 Nbd7 7.d3 e6 8.O-O Be7
9.Bg5 O-O 10.Bh4 Qc7 11.Bg3 Bd6 12.Bxd6 Qxd6 13.Re1 Qf4 14.Bf1 Re8 15.d4 b6
16.Ne2 Qc7 17.Ng3 Bb7 18.c3 Qf4 19.Ne2 Qh6 20.Nc1 Rac8 21.Qe2 c5 22.Nd3 Ne4
23.Qe3 Qxe3 24.fxe3 Ng3 25.Rad1 Nxf1 26.Kxf1 Ba6 27.Kf2 cxd4 28.exd4  1/2-1/2

[Event "Xose Enrique Rodriguez Pena Mem"]
[Site "Ourense ESP"]
[Date "2007.06.10"]
[Round "4"]
[White "Oral,T"]
[Black "Paunovic,D"]
[Result "1-0"]
[WhiteElo "2543"]
[BlackElo "2524"]

1.e4 d5 2.exd5 Qxd5 3.Nc3 Qd8 4.d4 Nf6 5.Bc4 c6 6.Nf3 Bf5 7.Ne5 e6 8.g4 Bg6
9.h4 Nbd7 10.Qe2 Bb4 11.Bd2 Nxe5 12.dxe5 Ne4 13.Rd1 Qd4 14.h5 O-O-O 15.hxg6 Nxc3
16.bxc3 Bxc3 17.Rxh7 Bxd2+ 18.Rxd2 Qa1+ 19.Qd1 Qxe5+ 20.Kf1 Qf4 21.Rxd8+ Rxd8
22.Bd3 fxg6 23.Rxg7 Qh6 24.Rf7 Qh3+ 25.Ke1 Qh1+ 26.Ke2 Qg2 27.Ke3 Qd5 28.Qf3 Qxa2
29.Rf8 a5 30.Rxd8+ Kxd8 31.Qf6+ Kc7 32.Qxg6 a4 33.Qg7+ Kb6 34.Qd4+ Kc7 35.Qf4+ Kb6
36.Qd4+ Kc7 37.g5 a3 38.g6 Qb1 39.g7 Qe1+ 40.Be2 Qc1+ 41.Qd2 Qxd2+ 42.Kxd2 a2
43.g8=Q a1=Q 44.Qg3+ Kd7 45.Qd3+ Kc7 46.Qg3+ Kd7 47.Qd3+ Kc7 48.Qc3 Qg1 49.Qf6  1-0

[Event "XXV Open"]
[Site "Novi Becej SRB"]
[Date "2007.06.11"]
[Round "3"]
[White "Andrijevic,M"]
[Black "Milosevic,Rad"]
[Result "1-0"]
[WhiteElo "2334"]
[BlackElo "2183"]

1.e4 d5 2.exd5 Qxd5 3.Nc3 Qd6 4.d4 Nf6 5.Nf3 a6 6.Bd3 Bg4 7.Ne4 Nxe4 8.Bxe4 Nc6
9.c3 e6 10.O-O Be7 11.Qb3 Bxf3 12.Bxf3 Rb8 13.g3 O-O 14.Bf4 Qd7 15.Rad1 Na5
16.Qc2 Bd6 17.Bc1 b5 18.b3 Nc6 19.c4 Na7 20.c5 Be7 21.c6 Qd8 22.d5 e5 23.Bb2 Bd6
24.Rfe1 Re8 25.Re2 g6 26.Rde1 Qf6 27.Bg2 g5 28.Rf1 Qg7 29.f4 f6 30.fxg5 Qxg5
31.Re4 Re7 32.Qf2 Nc8 33.Qxf6 Qxf6 34.Rxf6 Nb6 35.Rg4+ Kh8 36.Be4 Rg8 37.Rh4 a5
38.Rh5 Rgg7 39.Kg2 a4 40.Rff5 axb3 41.axb3 Kg8 42.Bxe5 Bxe5 43.Rxe5 Nc8 44.Rxe7 Rxe7
45.Bf5 Nd6 46.Be6+ Kg7 47.Rg5+ Kf6 48.Rg8 Ke5 49.Rd8 Ne4 50.Rd7 Kf6 51.g4 h6
52.h4 Rxd7 53.cxd7 Ke7 54.b4 Nd6 55.Kf3 Nb7 56.g5 hxg5 57.hxg5 Nd8 58.Ke4 c6
59.Ke5 cxd5 60.Bxd5  1-0